Statistics for NCAA College Teams by State: Massachusetts

Click here to take the quiz!

General Stats

  • This quiz has been taken 32 times
  • The average score is 25 of 52

Answer Stats

% Correct
Division I-ABoston CollegeEagles
100%
Division I-AMassachusettsMinutemen
100%
Division I-AABoston UniversityTerriers
96%
Division I-AAHarvardCrimson
93%
Division I-AAUMass LowellRiver Hawks
81%
Division IIIMITEngineers
70%
Division I-AAMerrimackWarriors
67%
Division I-AANortheasternHuskies
67%
Division I-AAHoly CrossCrusaders
63%
Division IIIUMass DartmouthCorsairs
63%
Division IIIAmherstMammoths
56%
Division IIIUMass BostonBeacons
56%
Division IIIWilliamsEphs
56%
Division IIIWPIEngineers
56%
Division IIBentleyFalcons
52%
Division IIIBrandeisJudges
52%
Division IIIEndicottGulls
52%
Division IIISuffolkRams
52%
Division IIITuftsJumbos
52%
Division IIIWorcester StateLancers
52%
Division IIAmerican InternationalYellow Jackets
48%
Division IIIEmersonLions
48%
Division IIIFitchburg StateFalcons
48%
Division IIISpringfieldPride
48%
Division IIIBridgewater StateBears
44%
Division IIIFramingham StateRams
44%
Division IIISalem StateVikings
44%
Division I-AAStonehillSkyhawks
44%
Division IIIWentworthLeopards
44%
Division IIAssumptionGreyhounds
41%
Division IIIBabsonBeavers
41%
Division IIILasellLasers
41%
Division IIIMount HolyokeLyons
41%
Division IIIWellesleyBlue
41%
Division IIIWestfield StateOwls
41%
Division IIISmithPioneers
37%
Division IIIClarkCougars
33%
Division IIICurryColonels
33%
Division IIIGordonFighting Scots
33%
Division IIILesleyLynx
33%
Division IIIMCLATrailblazers
33%
Division IIINicholsBison
33%
Division IIIRegisPride
33%
Division IIIWestern New EnglandGolden Bears
33%
Division IIIElmsBlazers
30%
Division IIISimmonsSharks
30%
Division IIIAnna MariaAmCats
26%
Division IIIDeanBulldogs
26%
Division IIIEmmanuelSaints
26%
Division IIIWheatonLyons
26%
Division IIIEastern NazareneLions
22%
Division IIIMassachusetts MaritimeBuccaneers
22%

Score Distribution

Percentile by Number Answered

Percent of People with Each Score

Your Score History

You have not taken this quiz